000 00685nam a2200181Ia 4500
008 151202s9999||||xx |||||||||||||| ||und||
082 _bPNVM-54422
100 _aखंडागळे डी.जी.
245 _aगाठी जुळल्या तुटण्यासाठी.
260 _bमाावी प्रकाशन पुणे.
260 _c1989
300 _a96
600 _aखंडागळे डी.जी.
630 _aगाठी जुळल्या तुटण्यासाठी.
700 _aखंडागळे डी.जी.
730 _aगाठी जुळल्या तुटण्यासाठी.
942 _cBOOK
999 _c1320961
_d1320958